[Event "EU-Cup 25th"]
[Site "Ohrid"]
[Date "2009.10.10"]
[Round "7.5"]
[White "Calabrese, Antonino"]
[Black "Gloor, Roger"]
[Result "0-1"]
[WhiteElo "1893"]
[BlackElo "2094"]
[PlyCount "96"]
[EventDate "2009.10.04"]
[EventType "team-swiss"]
[EventRounds "7"]
[EventCountry "MKD"]
[SourceTitle "CBM 133"]
[Source "ChessBase"]
[SourceDate "2009.11.19"]
[SourceVersion "1"]
[SourceVersionDate "2009.11.19"]
[SourceQuality "1"]
[WhiteTeam "Monte Carlo"]
[BlackTeam "Niederrohrdorf"]
[WhiteTeamCountry "MNC"]
[BlackTeamCountry "SUI"]

1. e4 e6 2. d4 d5 3. exd5 exd5 4. Bd3 Nc6 5. c3 Bd6 6. Ne2 Qh4 7. g3 Qf6 8. Bf4 Bg4 9. f3 Bxf3 10. 0-0 Bg4 11. Qd2 Bxf4 12. Nxf4 Qd6 13. Na3 Nge7 14. Qg2 0-0-0 15. Nc2 Rdf8 16. Ne3 Be6 17. b4 Kb8 18. a4 Nd8 19. a5 h5 20. Ne2 h4 21. g4 h3 22. Qf2 Qd7 23. Qg3 Qd6 24. Qxd6 cxd6 25. Nf4 g5 26. Ne2 Rh4 27. Nf5 Rxg4+ 28. Neg3 Nxf5 29. Bxf5 Bxf5 30. Rxf5 Ne6 31. Kh1 Rf4 32. Rxd5 Kc7 33. Rf5 Kd7 34. Rf1 Rxf1+ 35. Nxf1 f6 36. Ne3 Nf4 37. Ng4 Ke6 38. Rb5 Rf7 39. Ne3 Re7 40. Nf5 Rc7 41. Ng3 a6 42. Rf5 Rxc3 43. Rxf6+ Ke7 44. Rxf4 gxf4 45. Nf1 Rc4 46. Kg1 Rxd4 47. Kf2 Rd1 48. Ke2 Rxf1 0-1

[Event "Olympiad-37"]
[Site "Turin"]
[Date "2006.05.28"]
[Round "7"]
[White "Calabrese, Antonino"]
[Black "Ayyad, Maher"]
[Result "0-1"]
[WhiteElo "1967"]
[BlackElo "2104"]
[PlyCount "68"]
[EventDate "2006.05.21"]
[EventType "team-swiss"]
[EventRounds "13"]
[EventCountry "ITA"]
[SourceTitle "CBM 113"]
[Source "ChessBase"]
[SourceDate "2006.07.31"]
[SourceVersion "1"]
[SourceVersionDate "2006.07.31"]
[SourceQuality "1"]
[WhiteTeam "Monaco"]
[BlackTeam "Bahrain"]
[WhiteTeamCountry "MNC"]
[BlackTeamCountry "BHN"]

1. e4 c5 2. Nf3 e6 3. d4 cxd4 4. Nxd4 Nf6 5. Nc3 Nc6 6. Be3 Bb4 7. Nxc6 bxc6 8. Qd4 Qa5 9. Bd2 0-0 10. Be2 e5 11. Qe3 d5 12. exd5 cxd5 13. Nb1 Rb8 14. b3 d4 15. Bxb4 Qxb4+ 16. Qd2 Qxd2+ 17. Nxd2 Bf5 18. Rc1 Nd5 19. a3 Rbc8 20. Nc4 Nc3 21. Bd1 Rc5 22. 0-0 Be6 23. Nb2 e4 24. Re1 Rfc8 25. Kf1 f5 26. f3 e3 27. Nd3 R5c7 28. Nf4 Bf7 29. Ne2 Nxe2 30. Rxe2 Bxb3 31. Re1 Bxc2 32. Rxc2 Rxc2 33. Bxc2 Rxc2 34. Rd1 e2+ 0-1

[Event "Olympiad-37"]
[Site "Turin"]
[Date "2006.05.21"]
[Round "1"]
[White "D'Amore, Carlo"]
[Black "Calabrese, Antonino"]
[Result "1-0"]
[WhiteElo "2474"]
[BlackElo "1967"]
[PlyCount "59"]
[EventDate "2006.05.21"]
[EventType "team-swiss"]
[EventRounds "13"]
[EventCountry "ITA"]
[SourceTitle "CBM 113"]
[Source "ChessBase"]
[SourceDate "2006.07.31"]
[SourceVersion "1"]
[SourceVersionDate "2006.07.31"]
[SourceQuality "1"]
[WhiteTeam "Italy"]
[BlackTeam "Monaco"]
[WhiteTeamCountry "ITA"]
[BlackTeamCountry "MNC"]

1. Nf3 f5 2. d4 Nf6 3. g3 g6 4. Bg2 Bg7 5. 0-0 0-0 6. c4 d6 7. Nc3 Nc6 8. d5 Ne5 9. Nxe5 dxe5 10. Qb3 Kh8 11. c5 a6 12. Bd2 Qe8 13. Na4 Bd7 14. c6 bxc6 15. dxc6 Bxc6 16. Bxc6 Qxc6 17. Rfc1 Qd5 18. Qxd5 Nxd5 19. Rc5 e6 20. Rc6 Rfe8 21. e4 fxe4 22. Re1 e3 23. Bxe3 Nxe3 24. Rxe3 Ra7 25. Rd3 Bf8 26. Rd7 Bd6 27. Rcxd6 Rb7 28. Rxa6 Kg8 29. Rc6 Rb4 30. b3 1-0

[Event "Olympiad-36"]
[Site "Mallorca"]
[Date "2004.10.28"]
[Round "13"]
[White "Calabrese, Antonino"]
[Black "Asabri, Hussien"]
[Result "0-1"]
[WhiteElo "2038"]
[BlackElo "2286"]
[PlyCount "98"]
[EventDate "2004.10.15"]
[EventType "team-swiss"]
[EventRounds "14"]
[EventCountry "ESP"]
[SourceTitle "CBM 104"]
[Source "ChessBase"]
[SourceDate "2005.01.27"]
[SourceVersion "1"]
[SourceVersionDate "2005.01.27"]
[SourceQuality "1"]
[WhiteTeam "Monaco"]
[BlackTeam "Libya"]
[WhiteTeamCountry "MNC"]
[BlackTeamCountry "LBY"]

1. e4 e5 2. Nf3 Nc6 3. Bc4 Nf6 4. d4 exd4 5. e5 d5 6. Bb5 Ne4 7. Nxd4 Bd7 8. Bxc6 bxc6 9. Be3 Bc5 10. Nd2 Nxd2 11. Qxd2 Qe7 12. f4 0-0 13. 0-0 f6 14. Nb3 Bb6 15. Rae1 fxe5 16. Bxb6 axb6 17. Rxe5 Qf6 18. a3 Rf7 19. g3 Bh3 20. Rfe1 Raf8 21. c3 g5 22. Re8 gxf4 23. Rxf8+ Rxf8 24. Qxf4 Qxf4 25. gxf4 Rxf4 26. Nd4 Rf6 27. Ne2 h5 28. Ng3 h4 29. Nf1 Rxf1+ 30. Rxf1 Bxf1 31. Kxf1 c5 32. Ke2 Kf7 33. Kf3 Ke6 34. Kf4 Kf6 35. a4 Ke6 36. h3 c6 37. b3 Kf6 38. b4 cxb4 39. cxb4 Ke6 40. Ke3 c5 41. b5 Ke5 42. Kd3 d4 43. Kc4 Kd6 44. Kd3 Kd5 45. Kc2 c4 46. Kb2 Kc5 47. Ka3 d3 48. Kb2 Kb4 49. a5 Kxa5 0-1

[Event "Olympiad-36"]
[Site "Mallorca"]
[Date "2004.10.23"]
[Round "8"]
[White "Huguet Mainar, Sergio"]
[Black "Calabrese, Antonino"]
[Result "1/2-1/2"]
[WhiteElo "2141"]
[BlackElo "2038"]
[PlyCount "108"]
[EventDate "2004.10.15"]
[EventType "team-swiss"]
[EventRounds "14"]
[EventCountry "ESP"]
[SourceTitle "CBM 104"]
[Source "ChessBase"]
[SourceDate "2005.01.27"]
[SourceVersion "1"]
[SourceVersionDate "2005.01.27"]
[SourceQuality "1"]
[WhiteTeam "Honduras"]
[BlackTeam "Monaco"]
[WhiteTeamCountry "HON"]
[BlackTeamCountry "MNC"]

1. e4 e5 2. Nf3 d6 3. d4 Nf6 4. dxe5 Nxe4 5. Qd5 Nc5 6. Bg5 Qd7 7. Nc3 c6 8. Qd2 d5 9. 0-0-0 Ne6 10. Be3 Be7 11. h4 b6 12. Ng5 Ba6 13. Be2 Bxe2 14. Qxe2 h6 15. Nxe6 Qxe6 16. Bf4 Nd7 17. h5 Qf5 18. Rd4 0-0 19. g4 Qe6 20. Kb1 Rfe8 21. Re1 b5 22. Bg3 Bc5 23. Rd3 f6 24. exf6 Qxe2 25. Rxe2 Rxe2 26. Nxe2 Re8 27. Nc3 b4 28. Nd1 Nxf6 29. f3 Re2 30. Kc1 Rg2 31. Be5 Nd7 32. Bd4 Bxd4 33. Rxd4 a5 34. Ne3 Rg1+ 35. Rd1 Rxd1+ 36. Kxd1 Kf7 37. Ke2 Nb6 38. a3 bxa3 39. bxa3 d4 40. Nf5 c5 41. Kd3 Kf6 42. Nd6 Nd7 43. f4 Ke6 44. Nb7 Kd5 45. Nxa5 Nb6 46. c4+ dxc3 47. Kxc3 Ke4 48. Nb3 Kxf4 49. Nxc5 Kxg4 50. Ne6 Kxh5 51. Nxg7+ Kg6 52. Ne6 Kf5 53. Ng7+ Kg6 54. Ne6 Kf6 1/2-1/2

[Event "FRA-chT2"]
[Site "France"]
[Date "2002.02.03"]
[Round "7"]
[White "Wicks, Keith"]
[Black "Calabrese, Antonino"]
[Result "0-1"]
[WhiteElo "1499"]
[BlackElo "2037"]
[PlyCount "91"]
[EventDate "2002.??.??"]
[EventType "team"]
[EventRounds "11"]
[EventCountry "FRA"]
[SourceTitle "EXT 2003"]
[Source "ChessBase"]
[SourceDate "2002.11.25"]
[SourceVersion "1"]
[SourceVersionDate "2002.11.25"]
[SourceQuality "1"]

1. e4 e5 2. Nc3 Nf6 3. Nf3 d6 4. Be2 c6 5. b3 Be7 6. Bb2 0-0 7. d4 Nbd7 8. Qd2 Qc7 9. d5 Nc5 10. Bd3 cxd5 11. b4 Ncxe4 12. Nxd5 Nxd2 13. Nxc7 Nxf3+ 14. gxf3 Rb8 15. 0-0-0 a6 16. Be4 Nxe4 17. fxe4 Bg4 18. Rd3 Be2 19. Rg3 Bh4 20. Rhg1 Bxg3 21. Rxg3 Bc4 22. Nd5 Bxd5 23. exd5 Rbc8 24. f4 f6 25. f5 Rc4 26. c3 Rf4 27. Kc2 b5 28. Bc1 Rxf5 29. h4 Rc8 30. Kb3 Rc4 31. Bh6 g6 32. Be3 Rxh4 33. a4 Kf7 34. axb5 axb5 35. Rg2 Re4 36. Bh6 g5 37. Ra2 Re1 38. Ra7+ Kg8 39. Rg7+ Kf8 40. Rxg5+ Kf7 41. Rg7+ Ke8 42. Rxh7 Rh5 43. Rh8+ Kd7 44. Bg7 Rxh8 45. Bxh8 Kc7 46. Kc2 0-1